<?xml version='1.0' encoding='UTF-8'?><?xml-stylesheet href='static/style.xsl' type='text/xsl'?><OAI-PMH xmlns="http://www.openarchives.org/OAI/2.0/" xmlns:xsi="http://www.w3.org/2001/XMLSchema-instance" xsi:schemaLocation="http://www.openarchives.org/OAI/2.0/ http://www.openarchives.org/OAI/2.0/OAI-PMH.xsd"><responseDate>2026-05-01T11:24:37Z</responseDate><request verb="GetRecord" identifier="oai:ebiltegia.mondragon.edu:20.500.11984/5279" metadataPrefix="marc">https://ebiltegia.mondragon.edu/oai/request</request><GetRecord><record><header><identifier>oai:ebiltegia.mondragon.edu:20.500.11984/5279</identifier><datestamp>2024-03-04T15:50:28Z</datestamp><setSpec>com_20.500.11984_473</setSpec><setSpec>col_20.500.11984_476</setSpec></header><metadata><record xmlns="http://www.loc.gov/MARC21/slim" xmlns:dcterms="http://purl.org/dc/terms/" xmlns:xsi="http://www.w3.org/2001/XMLSchema-instance" xmlns:doc="http://www.lyncode.com/xoai" xsi:schemaLocation="http://www.loc.gov/MARC21/slim http://www.loc.gov/standards/marcxml/schema/MARC21slim.xsd">
   <leader>00925njm 22002777a 4500</leader>
   <datafield ind2=" " ind1=" " tag="042">
      <subfield code="a">dc</subfield>
   </datafield>
   <datafield ind2=" " ind1=" " tag="720">
      <subfield code="a">Iñurrategi irizar, Nagore </subfield>
      <subfield code="e">author</subfield>
   </datafield>
   <datafield ind2=" " ind1=" " tag="720">
      <subfield code="a">Martinez-Gorrotxategi, Agurtzane</subfield>
      <subfield code="e">author</subfield>
   </datafield>
   <datafield ind2=" " ind1=" " tag="260">
      <subfield code="c">2021</subfield>
   </datafield>
   <datafield ind2=" " ind1=" " tag="520">
      <subfield code="a">En el marco del Espacio Europeo de Educación Superior, el profesorado ha de contar con capacidades profesionales para impulsar en el alumnado la competencia aprender a aprender, que hace referencia a la capacidad de autorregulación del propio proceso de aprendizaje. El objetivo del presente trabajo consistió en diseñar y validar un cuestionario para medir los contextos facilitadores de aprendizaje que el profesorado universitario activa para el desarrollo de la competencia aprender a aprender, el CAA. En primer lugar, en base a la revisión teórica y empírica, se definieron 86 ítems. A continuación, se examinaron la validez de contenido (n = 20 expertos), la validez basada en los procesos de respuesta (n = 10 docentes), la validez basada en la estructura interna (n = 415 docentes), la validez concurrente y la validez externa. Los resultados mostraron una adecuada calidad psicométrica, consistencia interna, fiabilidad y bondad de ajuste. La versión final del CAA comprendió 4 dimensiones y 39 ítems. Este instrumento puede ser una herramienta de rápida aplicación, válida y fiable, para conocer el desarrollo de los contextos facilitadores de aprendizaje de la competencia aprender a aprender. Asimismo, puede servir para detectar necesidades de formación profesional en el desarrollo de dicha competencia.</subfield>
   </datafield>
   <datafield ind2=" " ind1=" " tag="520">
      <subfield code="a">Within the European Higher Education Area framework, educa-tors must have acquired professional skills in order to promote the learning to learn competence, which refers to the ability to self-regulate the learning process  itself,  in  their  students.  The  objective  of  this  work  was  to  design and  validate  a questionnaire,  the  learning  to  learn  questionnaire  (LLQ), to measure the facilitative learning contexts implemented by university educa-tors to develop the learning to learn competence. First, based on a theoret-ical  and  empirical  review,  86  items  belonging  to  7dimensions  were  de-fined.  Next,  content  validity  (n =  20  experts),  validity  based  on  response processes  (n=  10  teachers),  validity  based  on  internal  structure  (n =  415 teachers), and concurrent validity were examined. Our results showed suf-ficient  psychometric  quality,  reliability  of  scores  and  goodness  of  fit.  The final version of the LLQ consisted of 4 dimensions and 39 items. This in-strument can be considered a valid and reliable tool that can be quickly ap-plied  in  order  to  identify the  development  of  facilitative  learning  contexts in  the  evolution  of  the  learning to  learn  competence.  Likewise,  it  can  also serve  to  detect  training  needs  in  the  development  of  this  competence  in university educators.</subfield>
   </datafield>
   <datafield ind1="8" ind2=" " tag="024">
      <subfield code="a">0212-9728</subfield>
   </datafield>
   <datafield ind1="8" ind2=" " tag="024">
      <subfield code="a">1695-2294</subfield>
   </datafield>
   <datafield ind1="8" ind2=" " tag="024">
      <subfield code="a">https://katalogoa.mondragon.edu/janium-bin/janium_login_opac.pl?find&amp;ficha_no=163344</subfield>
   </datafield>
   <datafield ind1="8" ind2=" " tag="024">
      <subfield code="a">https://hdl.handle.net/20.500.11984/5279</subfield>
   </datafield>
   <datafield tag="653" ind2=" " ind1=" ">
      <subfield code="a">Aprender a aprender</subfield>
   </datafield>
   <datafield tag="653" ind2=" " ind1=" ">
      <subfield code="a">Competencia profesional</subfield>
   </datafield>
   <datafield tag="653" ind2=" " ind1=" ">
      <subfield code="a">Evaluación educativa</subfield>
   </datafield>
   <datafield tag="653" ind2=" " ind1=" ">
      <subfield code="a">Educación superior</subfield>
   </datafield>
   <datafield tag="653" ind2=" " ind1=" ">
      <subfield code="a">Competencias</subfield>
   </datafield>
   <datafield tag="653" ind2=" " ind1=" ">
      <subfield code="a">Instrumentos de evaluación</subfield>
   </datafield>
   <datafield tag="653" ind2=" " ind1=" ">
      <subfield code="a">Competence</subfield>
   </datafield>
   <datafield tag="653" ind2=" " ind1=" ">
      <subfield code="a">Learning to learn</subfield>
   </datafield>
   <datafield tag="653" ind2=" " ind1=" ">
      <subfield code="a">Professional competence</subfield>
   </datafield>
   <datafield tag="653" ind2=" " ind1=" ">
      <subfield code="a">Educational assessment</subfield>
   </datafield>
   <datafield tag="653" ind2=" " ind1=" ">
      <subfield code="a">Higher Education</subfield>
   </datafield>
   <datafield tag="653" ind2=" " ind1=" ">
      <subfield code="a">Tool evaluation</subfield>
   </datafield>
   <datafield ind2="0" ind1="0" tag="245">
      <subfield code="a">Diseño y validación de un cuestionario (CAA) sobre la facilitación del desarrollo de la competencia aprender a aprender en el profesorado universitario</subfield>
   </datafield>
   <datafield ind2="0" ind1="0" tag="245">
      <subfield code="a">Design and validation of a questionnaire (LLQ) on facilitating the development of the learning to learn competence in university educators</subfield>
   </datafield>
</record></metadata></record></GetRecord></OAI-PMH>